[Event "4NCL Division 3 Central"]
[Site "Leamington Spa, ENG"]
[Date "2022.05.01"]
[Round "8.11"]
[White "Mossong, Hubert"]
[Black "Sandhu, Manvith"]
[Result "1/2-1/2"]
[WhiteElo "2040"]
[BlackElo "1903"]
[PlyCount "142"]
[EventDate "2022.05.01"]
[WhiteTeam "Ashfield 1"]
[BlackTeam "Warwickshire Select 2"]

1. e4 c5 2. Nc3 e6 3. g3 a6 4. Bg2 Nf6 5. d3 d6 6. f4 Be7 7. Nf3 Nc6 8. O-O Qc7
9. h3 b5 10. Qe1 Rb8 11. g4 Nd7 12. Be3 O-O 13. Qg3 Bb7 14. Rae1 Rbe8 15. g5
Bd8 16. Nh2 Nd4 17. Qf2 b4 18. Nd1 Qa5 19. Kh1 Bb6 20. Ng4 Qxa2 21. Rg1 b3 22.
c3 Nc2 23. Re2 Qa4 24. Qh4 Kh8 25. Bf3 Bd8 26. Bd2 Qb5 27. Ndf2 a5 28. c4 Qb6
29. Bc3 Nd4 30. Bxd4 cxd4 31. Nh2 a4 32. Bh5 d5 33. cxd5 exd5 34. e5 Ba6 35.
Nf3 Nc5 36. Rd1 a3 37. bxa3 Nxd3 38. f5 Nxf2+ 39. Rxf2 Bc8 40. e6 d3 41. Bxf7
b2 42. Ne5 h6 43. Ng6+ Kh7 44. Nxf8+ Rxf8 45. g6+ Kh8 46. e7 Bxe7 47. Qxe7 Rg8
48. Rff1 Bxf5 49. Rxf5 b1=Q 50. Rxb1 Qxb1+ 51. Kg2 d2 52. Rxd5 d1=Q 53. Rxd1
Qxd1 54. Bxg8 Qd2+ 55. Kf3 Qd3+ 56. Kf4 Qd4+ 57. Kf5 Qf2+ 58. Ke6 Qe3+ 59. Kd7
Qa7+ 60. Ke8 Qb8+ 61. Qd8 Qe5+ 62. Kd7 Qb5+ 63. Kd6 Qa6+ 64. Kd7 Qb5+ 65. Kc7
Qa5+ 66. Kc8 Qa6+ 67. Kb8 Qb5+ 68. Ka7 Qc5+ 69. Kb7 Qb5+ 70. Qb6 Qd7+ 71. Ka6
Qa4+ 1/2-1/2

[Event "4NCL Division 3 Central"]
[Site "Leamington Spa, ENG"]
[Date "2022.05.01"]
[Round "8.12"]
[White "Ingram, Keith R"]
[Black "Truman, Richard G"]
[Result "0-1"]
[WhiteElo "1870"]
[BlackElo "1931"]
[PlyCount "42"]
[EventDate "2022.05.01"]
[WhiteTeam "Warwickshire Select 2"]
[BlackTeam "Ashfield 1"]

1. e4 c5 2. Nf3 e6 3. d4 cxd4 4. Nxd4 Nc6 5. a3 Qc7 6. Nc3 a6 7. g3 Nf6 8. Bg2
Bc5 9. Nxc6 bxc6 10. O-O O-O 11. b4 Be7 12. Be3 Rb8 13. e5 Nd5 14. Nxd5 cxd5
15. Bd4 Bb7 16. c3 d6 17. f4 f6 18. Bh3 dxe5 19. Bxe6+ Kh8 20. fxe5 fxe5 21.
Bf2 Qc6 0-1

[Event "4NCL Division 3 Central"]
[Site "Leamington Spa, ENG"]
[Date "2022.05.01"]
[Round "8.13"]
[White "Combie, Alex B"]
[Black "Dicen, Elis Denele"]
[Result "0-1"]
[WhiteElo "1834"]
[BlackElo "1965"]
[PlyCount "42"]
[EventDate "2022.05.01"]
[WhiteTeam "Ashfield 1"]
[BlackTeam "Warwickshire Select 2"]

1. d4 d5 2. c4 e6 3. Nf3 Nf6 4. g3 dxc4 5. Bg2 a6 6. O-O Nc6 7. e3 Bd7 8. Qe2
Bd6 9. Qxc4 O-O 10. Nc3 Rb8 11. e4 e5 12. dxe5 Nxe5 13. Nxe5 Bxe5 14. f4 Be6
15. Qe2 Bd4+ 16. Kh1 b5 17. Rd1 Ng4 18. Rxd4 Qxd4 19. Bf3 Nf2+ 20. Kg1 Nh3+ 21.
Kg2 Qg1# 0-1

[Event "4NCL Division 3 Central"]
[Site "Leamington Spa, ENG"]
[Date "2022.05.01"]
[Round "8.14"]
[White "Dicen, Imogen"]
[Black "Flynn, David"]
[Result "1/2-1/2"]
[WhiteElo "1877"]
[BlackElo "1854"]
[PlyCount "52"]
[EventDate "2022.05.01"]
[WhiteTeam "Warwickshire Select 2"]
[BlackTeam "Ashfield 1"]

1. e4 c5 2. Nc3 Nc6 3. g3 g6 4. Bg2 Bg7 5. Nge2 d6 6. O-O e5 7. d3 Nge7 8. f4
exf4 9. Nxf4 O-O 10. Ncd5 Rb8 11. c3 b5 12. Be3 b4 13. d4 bxc3 14. bxc3 cxd4
15. cxd4 f5 16. Nxe7+ Nxe7 17. exf5 Nxf5 18. Bf2 Qa5 19. Re1 Rb2 20. Re2 Rxe2
21. Qxe2 Qc3 22. Rd1 Nxd4 23. Qe3 Qxe3 24. Bxe3 Nb5 25. Bd5+ Kh8 26. Bc4 Bg4
1/2-1/2

[Event "4NCL Division 3 Central"]
[Site "Leamington Spa, ENG"]
[Date "2022.05.01"]
[Round "8.15"]
[White "Levens, David G"]
[Black "Chen, Daniel Xingyu"]
[Result "0-1"]
[WhiteElo "1884"]
[BlackElo "1831"]
[PlyCount "110"]
[EventDate "2022.05.01"]
[WhiteTeam "Ashfield 1"]
[BlackTeam "Warwickshire Select 2"]

1. e4 c5 2. d4 cxd4 3. c3 dxc3 4. Nxc3 Nc6 5. Bc4 d6 6. Nf3 e6 7. O-O Nf6 8.
Qe2 a6 9. a4 Qc7 10. Bf4 Ne5 11. Bb3 Bd7 12. Rfd1 Be7 13. Rac1 Nxf3+ 14. gxf3
Bc6 15. Nb5 axb5 16. axb5 O-O 17. bxc6 bxc6 18. Qc2 Rfb8 19. Ba4 c5 20. Be3 Rb4
21. b3 Rc8 22. Bd2 Rb7 23. Bc3 Nh5 24. Qd2 h6 25. f4 Qb8 26. Qe3 Bf6 27. e5
dxe5 28. Bxe5 Bxe5 29. fxe5 Qa7 30. Qf3 g6 31. Bc6 Rbc7 32. Be4 Qb8 33. Rd6 c4
34. bxc4 Rxc4 35. Rcd1 Rc1 36. Rxc1 Rxc1+ 37. Kg2 Qc7 38. Qg4 Nf6 39. exf6 Qxd6
40. Bxg6 Qd5+ 41. Be4+ Qg5 42. Qxg5+ hxg5 43. Kg3 Rg1+ 44. Bg2 Kh7 45. h3 Kg6
46. Kh2 Ra1 47. h4 gxh4 48. Kh3 Ra4 49. Bf3 Kxf6 50. Bg4 Kg5 51. Be2 Ra2 52.
Bc4 Rxf2 53. Bxe6 Rf3+ 54. Kg2 Rg3+ 55. Kh2 fxe6 0-1

[Event "4NCL Division 3 Central"]
[Site "Leamington Spa, ENG"]
[Date "2022.05.01"]
[Round "8.16"]
[White "Turner, Simon"]
[Black "Bromilow, Edward T"]
[Result "1/2-1/2"]
[WhiteElo "1789"]
[BlackElo "1801"]
[PlyCount "84"]
[EventDate "2022.05.01"]
[WhiteTeam "Warwickshire Select 2"]
[BlackTeam "Ashfield 1"]

1. d4 d5 2. c4 e6 3. Nc3 Nf6 4. cxd5 exd5 5. Bg5 Be6 6. e3 Nbd7 7. Bd3 c6 8.
Nge2 Bd6 9. Nf4 Qc7 10. Nxe6 fxe6 11. Bh4 e5 12. dxe5 Bxe5 13. Bg3 O-O 14. Rc1
a6 15. Qc2 Rae8 16. O-O Bxg3 17. hxg3 Qe5 18. Ne2 Qg5 19. Nf4 Ne4 20. Bxe4 Rxe4
21. Qb3 Qh6 22. Qxb7 Ne5 23. Nh3 a5 24. Rc5 Rb4 25. Qe7 Re4 26. Qg5 Qd6 27. Rc2
Rg4 28. Rxc6 Qxc6 29. Qxe5 Re4 30. Qh5 g6 31. Qd1 a4 32. Ng5 Rc4 33. Nf3 Rb8
34. Ne5 Qb5 35. Nxc4 Qxc4 36. Qd2 Qxa2 37. Qa5 Rxb2 38. Qd8+ Kg7 39. Qe7+ Kg8
40. Qe6+ Kf8 41. Qf6+ Kg8 42. Rc1 Rb1 1/2-1/2

[Event "4NCL Division 3 Central"]
[Site "Leamington Spa, ENG"]
[Date "2022.05.01"]
[Round "8.21"]
[White "Okhai, Shabir"]
[Black "Fletcher, John"]
[Result "1-0"]
[WhiteElo "2126"]
[BlackElo "2095"]
[PlyCount "59"]
[EventDate "2022.05.01"]
[WhiteTeam "The Rookies"]
[BlackTeam "The Full Ponty"]

1. e4 c5 2. Nf3 Nc6 3. Bb5 Nf6 4. e5 Nd5 5. O-O Qc7 6. Re1 a6 7. Bxc6 dxc6 8.
h3 e6 9. d3 Be7 10. Nbd2 b5 11. Ne4 h6 12. Qe2 O-O 13. Ng3 b4 14. Nh5 Kh7 15.
Nh2 f5 16. exf6 Nxf6 17. Nxf6+ Bxf6 18. Rb1 Bd4 19. Nf3 Bf6 20. Qe4+ Kh8 21.
Be3 Qd6 22. Nd2 Bd4 23. Qg6 Qe5 24. Nf3 Qf5 25. Qxf5 exf5 26. Bxd4 cxd4 27.
Nxd4 c5 28. Nb3 Bd7 29. Nxc5 Bb5 30. Ne6 1-0

[Event "4NCL Division 3 Central"]
[Site "Leamington Spa, ENG"]
[Date "2022.05.01"]
[Round "8.22"]
[White "Adams, Mark"]
[Black "Byron, Alan M"]
[Result "1/2-1/2"]
[WhiteElo "2002"]
[BlackElo "2185"]
[PlyCount "84"]
[EventDate "2022.05.01"]
[WhiteTeam "The Full Ponty"]
[BlackTeam "The Rookies"]

1. e4 c6 2. Nf3 d5 3. exd5 cxd5 4. Ne5 Nc6 5. d4 Nf6 6. Bb5 Bd7 7. Nxd7 Qxd7 8.
c3 a6 9. Bd3 g6 10. O-O Bg7 11. Nd2 O-O 12. Nf3 Qc7 13. Re1 Nh5 14. g3 Rfe8 15.
Bd2 Rad8 16. Qc2 Rc8 17. Rac1 Qd6 18. Qb1 e5 19. dxe5 Nxe5 20. Nxe5 Bxe5 21.
Rcd1 Ng7 22. Be3 Qc6 23. Rd2 Ne6 24. Red1 Nc5 25. Bf1 Na4 26. Rxd5 b5 27. R5d3
Qf6 28. Bd4 Bxd4 29. Rxd4 Rcd8 30. Rxd8 Rxd8 31. Rxd8+ Qxd8 32. Qc2 Qc8 33. c4
Qc6 34. b3 Nb6 35. Bd3 b4 36. Be4 Qc5 37. Qd2 Kg7 38. h4 h5 39. Qb2+ Kg8 40.
Qd2 Kg7 41. Qb2+ Kg8 42. Qd2 Kg7 1/2-1/2

[Event "4NCL Division 3 Central"]
[Site "Leamington Spa, ENG"]
[Date "2022.05.01"]
[Round "8.23"]
[White "Burrows, Martin P"]
[Black "Richmond, Peter"]
[Result "1-0"]
[WhiteElo "2111"]
[BlackElo "2031"]
[PlyCount "49"]
[EventDate "2022.05.01"]
[WhiteTeam "The Rookies"]
[BlackTeam "The Full Ponty"]

1. e4 c5 2. Nf3 d6 3. d4 cxd4 4. Nxd4 Nf6 5. Nc3 g6 6. Be3 Bg7 7. f3 Nc6 8. Qd2
h5 9. O-O-O a6 10. Bc4 Bd7 11. Bb3 Rc8 12. Nd5 Qa5 13. Qf2 Nxd5 14. exd5 Ne5
15. Kb1 Nc4 16. Bxc4 Rxc4 17. Nb3 Qc7 18. Bd4 O-O 19. Bxg7 Kxg7 20. Rhe1 Rc8
21. Rxe7 Kf8 22. Rde1 Rxc2 23. Qd4 Rc1+ 24. Rxc1 Bf5+ 25. Re4 1-0

[Event "4NCL Division 3 Central"]
[Site "Leamington Spa, ENG"]
[Date "2022.05.01"]
[Round "8.24"]
[White "Perrett, David C"]
[Black "Agnew, Alan"]
[Result "0-1"]
[WhiteElo "2030"]
[BlackElo "2054"]
[PlyCount "64"]
[EventDate "2022.05.01"]
[WhiteTeam "The Full Ponty"]
[BlackTeam "The Rookies"]

1. d4 d5 2. Nf3 Nf6 3. Bg5 Ne4 4. Bf4 c5 5. Bxb8 Rxb8 6. c3 Qb6 7. Qb3 Qxb3 8.
axb3 cxd4 9. Nxd4 a6 10. Nd2 Nxd2 11. Kxd2 e5 12. Nc2 Be6 13. e3 Be7 14. Bd3
O-O 15. f4 f6 16. Rhf1 Bc5 17. b4 Bb6 18. fxe5 fxe5 19. Rxf8+ Rxf8 20. Rf1 Rxf1
21. Bxf1 Kf7 22. Ne1 Ke7 23. Bd3 h6 24. c4 dxc4 25. Be4 a5 26. Bxb7 axb4 27. h3
Kd6 28. e4 Bd4 29. Kc2 b3+ 30. Kc1 c3 31. bxc3 Bxc3 32. Nd3 Bc4 0-1

[Event "4NCL Division 3 Central"]
[Site "Leamington Spa, ENG"]
[Date "2022.05.01"]
[Round "8.25"]
[White "Compton, Alistair"]
[Black "Davies, Peter"]
[Result "1/2-1/2"]
[WhiteElo "2036"]
[BlackElo "2000"]
[PlyCount "37"]
[EventDate "2022.05.01"]
[WhiteTeam "The Rookies"]
[BlackTeam "The Full Ponty"]

{[%evp 0,5,29,19,19,16,28,4]} 1. e4 e5 2. Nc3 Bc5 3. Bc4 Nf6 4. f4 d6 5. Nf3 c6
6. Na4 Bb4 7. a3 Ba5 8. b4 Bc7 9. fxe5 dxe5 10. Nc3 b5 11. Bb3 a5 12. bxa5 Bg4
13. O-O Nbd7 14. Bb2 Qe7 15. d3 Bxa5 16. Ne2 Nc5 17. Ng3 Nxb3 18. cxb3 Nd7 19.
h3 1/2-1/2

[Event "4NCL Division 3 Central"]
[Site "Leamington Spa, ENG"]
[Date "2022.05.01"]
[Round "8.26"]
[White "Dixon, Chris"]
[Black "Gibson, Christopher A"]
[Result "0-1"]
[WhiteElo "1819"]
[BlackElo "1833"]
[PlyCount "74"]
[EventDate "2022.05.01"]
[WhiteTeam "The Full Ponty"]
[BlackTeam "The Rookies"]

1. Nf3 c5 2. g3 Nc6 3. Bg2 g6 4. O-O Bg7 5. d3 d5 6. Nbd2 Nf6 7. e4 O-O 8. Re1
h6 9. c3 dxe4 10. dxe4 Be6 11. Qc2 Qb6 12. b3 Ng4 13. Rb1 Rfd8 14. Bf1 Rd7 15.
Nc4 Qd8 16. h3 Bxc4 17. bxc4 Nge5 18. Nxe5 Nxe5 19. Kg2 Nd3 20. Rd1 Nxc1 21.
Rbxc1 Rxd1 22. Rxd1 Qa5 23. Rc1 Rd8 24. Be2 Rd6 25. a4 Ra6 26. Bd1 Qd8 27. Kf1
Qd7 28. Kg2 Rd6 29. Bg4 Qd8 30. Qb3 Rd2 31. Rd1 Qd3 32. Qxb7 Bxc3 33. Qxe7 Bd4
34. Rf1 Qe3 35. h4 Rxf2+ 36. Rxf2 Qxf2+ 37. Kh3 Qf1+ 0-1

[Event "4NCL Division 3 Central"]
[Site "Leamington Spa, ENG"]
[Date "2022.05.01"]
[Round "8.31"]
[White "Freeland, Alex"]
[Black "Higgie, Charles L"]
[Result "0-1"]
[WhiteElo "1994"]
[BlackElo "1912"]
[PlyCount "82"]
[EventDate "2022.05.01"]
[WhiteTeam "West is Best 2"]
[BlackTeam "Shropshire and Friends 1"]

1. d4 Nf6 2. c4 g6 3. Nc3 d5 4. Bf4 Bg7 5. e3 O-O 6. Rc1 c5 7. dxc5 Qa5 8. Nf3
Ne4 9. cxd5 Bg4 10. Be2 Bxf3 11. Bxf3 Nxc3 12. Qd2 Qxa2 13. bxc3 Qc4 14. d6 Nc6
15. Bxc6 bxc6 16. dxe7 Rfe8 17. Bd6 Bf6 18. Qe2 Bxc3+ 19. Kf1 Qb4 20. g3 a5 21.
Kg2 a4 22. Qd3 Bb2 23. Rb1 a3 24. Be5 Rxe7 25. Bxb2 axb2 26. Rhd1 Rb7 27. Rd2
Ra2 28. Qd8+ Kg7 29. Qd4+ Qxd4 30. exd4 Kf6 31. Kf3 Rb3+ 32. Ke4 Ke6 33. Rd3
f5+ 34. Ke3 Raa3 35. d5+ cxd5 36. Rxb3 Rxb3+ 37. Kd4 Rb4+ 38. Kc3 Rc4+ 39. Kxb2
Rb4+ 40. Ka1 Rxb1+ 41. Kxb1 Kd7 0-1

[Event "4NCL Division 3 Central"]
[Site "Leamington Spa, ENG"]
[Date "2022.05.01"]
[Round "8.32"]
[White "Bryant, Richard B E"]
[Black "Davies, Matthew"]
[Result "1/2-1/2"]
[WhiteElo "1800"]
[BlackElo "1897"]
[PlyCount "135"]
[EventDate "2022.05.01"]
[WhiteTeam "Shropshire and Friends 1"]
[BlackTeam "West is Best 2"]

1. e4 e6 2. d4 d5 3. Nd2 Nf6 4. e5 Nfd7 5. Ne2 c5 6. c3 Nc6 7. Nf3 Qb6 8. g3
cxd4 9. cxd4 Bb4+ 10. Nc3 O-O 11. Bg2 Qa6 12. Bd2 f6 13. exf6 Nxf6 14. Qe2 Qb6
15. a3 Bd6 16. Be3 Bd7 17. O-O Rae8 18. b4 a6 19. Na4 Qa7 20. Nc5 Bc8 21. Qb2
b6 22. Nd3 Ne4 23. Rac1 Bd7 24. Rc2 Nd8 25. Nde5 Bb5 26. Ra1 Ba4 27. Rcc1 Nf7
28. Nxf7 Rxf7 29. Ne5 Rff8 30. Qb1 Qb7 31. Qa2 Bb8 32. Nd3 Bb5 33. Nb2 Qe7 34.
Re1 Nd6 35. a4 Bc4 36. Nxc4 Nxc4 37. Qb3 Bd6 38. b5 a5 39. Ra2 Qf6 40. Qd3 Bb4
41. Ree2 Bd6 42. Bc1 Re7 43. Bh3 Rfe8 44. Bg2 Rc8 45. Qd1 Qg6 46. Bf3 Rec7 47.
Rec2 Qf6 48. Kg2 Bb4 49. Bf4 Bd6 50. Bxd6 Nxd6 51. Rxc7 Rxc7 52. Qe1 Kf7 53.
Bg4 Nf5 54. Bxf5 Qxf5 55. Ra3 Qe4+ 56. Rf3+ Kg6 57. Qxe4+ dxe4 58. Rf4 Rc4 59.
Rxe4 Kf6 60. Rf4+ Ke7 61. Rg4 g6 62. h4 Rxa4 63. h5 gxh5 64. Rg7+ Kf6 65. Rb7
Rxd4 66. Rxb6 Rb4 67. Rb7 a4 68. Ra7 1/2-1/2

[Event "4NCL Division 3 Central"]
[Site "Leamington Spa, ENG"]
[Date "2022.05.01"]
[Round "8.33"]
[White "Jukes, Sam"]
[Black "Lewis, Christopher D"]
[Result "1-0"]
[WhiteElo "1850"]
[BlackElo "1822"]
[PlyCount "57"]
[EventDate "2022.05.01"]
[WhiteTeam "West is Best 2"]
[BlackTeam "Shropshire and Friends 1"]

1. e4 c6 2. d4 d5 3. Nc3 dxe4 4. Nxe4 Bf5 5. Ng3 Bg6 6. N1e2 e6 7. h4 h6 8. Nf4
Bh7 9. c3 Nf6 10. Qf3 Nbd7 11. Nfh5 Qb6 12. Bc4 O-O-O 13. Bf4 Qxb2 14. O-O Nd5
15. Bxd5 exd5 16. c4 g6 17. cxd5 c5 18. Rab1 Qxd4 19. d6 Nb6 20. Rfd1 Qa4 21.
Nf6 Qc6 22. Nge4 c4 23. Qa3 Kb8 24. d7+ Ka8 25. Qa5 g5 26. Nd5 gxf4 27. Rxb6
Qxd7 28. Rc6 Kb8 29. Rc7 1-0

[Event "4NCL Division 3 Central"]
[Site "Leamington Spa, ENG"]
[Date "2022.05.01"]
[Round "8.34"]
[White "Bailey, Adrian"]
[Black "Turner, Lewis A"]
[Result "1/2-1/2"]
[WhiteElo "1810"]
[BlackElo "1869"]
[PlyCount "98"]
[EventDate "2022.05.01"]
[WhiteTeam "Shropshire and Friends 1"]
[BlackTeam "West is Best 2"]

1. Nf3 Nf6 2. d4 g6 3. c4 Bg7 4. Nc3 O-O 5. e4 d6 6. Be2 e5 7. d5 a5 8. O-O Na6
9. Bg5 h6 10. Bh4 Nc5 11. Qc2 g5 12. Bg3 Nh5 13. Nd2 Nf4 14. Nb3 Nd7 15. Rad1
b6 16. Bxf4 gxf4 17. Bg4 Qg5 18. Qe2 a4 19. Nc1 h5 20. Bxd7 Bxd7 21. f3 h4 22.
Kh1 h3 23. gxh3 Bxh3 24. Rg1 Qh5 25. Nd3 Kh8 26. Nf2 Bd7 27. Ng4 f5 28. exf5
Bxf5 29. Ne4 Rf7 30. Rg2 Bxe4 31. Qxe4 Bf8 32. Rdg1 Be7 33. Nf2 Bh4 34. Qe2
Bxf2 35. Qxf2 Rh7 36. Rg5 Qh3 37. R1g4 Rf8 38. Rg2 Qd7 39. R2g4 Qe7 40. Qg2 Qf7
41. Qf2 b5 42. cxb5 Qxd5 43. Rh4 Rff7 44. Rxh7+ Rxh7 45. Rg1 Qxb5 46. Qg2 Qd5
47. Qg4 Qa8 48. Rg2 Qf8 49. Qe6 Rh6 1/2-1/2

[Event "4NCL Division 3 Central"]
[Site "Leamington Spa, ENG"]
[Date "2022.05.01"]
[Round "8.35"]
[White "Smith, Steve"]
[Black "Slegg, Gary"]
[Result "1-0"]
[WhiteElo "1808"]
[BlackElo "1549"]
[PlyCount "29"]
[EventDate "2022.05.01"]
[WhiteTeam "West is Best 2"]
[BlackTeam "Shropshire and Friends 1"]

1. e4 c5 2. c3 Nf6 3. e5 Nd5 4. Nf3 Nc6 5. d4 cxd4 6. cxd4 d6 7. Bc4 Nb6 8. Bb3
Bg4 9. Bxf7+ Kd7 10. e6+ Bxe6 11. Bxe6+ Kxe6 12. d5+ Nxd5 13. Ng5+ Kf6 14. Qf3+
Kg6 15. Qf7+ 1-0

[Event "4NCL Division 3 Central"]
[Site "Leamington Spa, ENG"]
[Date "2022.05.01"]
[Round "8.36"]
[White "Sloan, Cecil"]
[Black "Di-Vetta, Andrew"]
[Result "0-1"]
[WhiteElo "1480"]
[BlackElo "1726"]
[PlyCount "136"]
[EventDate "2022.05.01"]
[WhiteTeam "Shropshire and Friends 1"]
[BlackTeam "West is Best 2"]

1. e4 c5 2. Nf3 Nc6 3. Bb5 e6 4. O-O Nf6 5. Re1 Qc7 6. Nc3 Be7 7. e5 Ng4 8.
Bxc6 Qxc6 9. h3 Nh6 10. d4 d5 11. exd6 Qxd6 12. Ne4 Qd5 13. Nxc5 b6 14. Nd3 Bb7
15. Nf4 Qb5 16. b3 O-O-O 17. c4 Qe8 18. Qe2 Nf5 19. Bb2 g5 20. Nd3 Nh4 21. d5
Rg8 22. Nfe5 f6 23. Nc6 Bxc6 24. Qxe6+ Bd7 25. Qxe7 Qg6 26. Qe4 Bf5 27. Qe7 Rd7
28. Qxf6 Qxf6 29. Bxf6 Bxd3 30. Re3 Rg6 31. Bd4 g4 32. Rxd3 gxh3 33. g3 Rf7 34.
f4 Rxf4 35. Kh2 Rxd4 36. Rxd4 Nf3+ 37. Kxh3 Nxd4 38. Rf1 Rh6+ 39. Kg2 Nc2 40.
Rf8+ Kb7 41. Rf7+ Ka6 42. d6 Rxd6 43. Rxh7 Rd2+ 44. Kh3 Rd1 45. Re7 Rh1+ 46.
Kg2 Ra1 47. Kh3 Rxa2 48. g4 Ra3 49. g5 Rxb3+ 50. Kg4 Ne3+ 51. Kf4 Nxc4 52. g6
Rb1 53. Re2 Rg1 54. Ra2+ Kb7 55. Kf5 Nd6+ 56. Kf6 b5 57. Kg7 Kb6 58. Kh7 Nf5
59. Rf2 Rh1+ 60. Kg8 Ne7+ 61. Kf7 Nxg6 62. Kxg6 Rc1 63. Kf5 Rc4 64. Ke5 b4 65.
Kd5 Rh4 66. Rc2 a5 67. Rc1 Kb5 68. Ra1 b3 0-1

[Event "4NCL Division 3 Central"]
[Site "Leamington Spa, ENG"]
[Date "2022.05.01"]
[Round "8.41"]
[White "Ashworth, Michael"]
[Black "Arora, Tashika"]
[Result "0-1"]
[WhiteElo "2207"]
[BlackElo "1986"]
[PlyCount "100"]
[EventDate "2022.05.01"]
[WhiteTeam "Wood Green Monarchs"]
[BlackTeam "Oxford 2"]

1. Nf3 Nf6 2. g3 d5 3. Bg2 e6 4. O-O Be7 5. d3 O-O 6. Nbd2 c5 7. e4 Nc6 8. e5
Nd7 9. Re1 Qc7 10. Qe2 Nb6 11. Nf1 Rd8 12. c3 c4 13. d4 Nd7 14. h4 b5 15. Bh3
Nf8 16. N1h2 Bb7 17. Ng4 b4 18. h5 a5 19. h6 g6 20. Bg5 Bxg5 21. Nxg5 Qe7 22.
Nf6+ Kh8 23. Qf3 Nb8 24. Nfxh7 Nbd7 25. Nf6 Nxf6 26. exf6 Qc7 27. Qg4 Nh7 28.
Qh4 Bc8 29. Nf3 Rg8 30. Re5 Qd8 31. Ng5 Qxf6 32. Rae1 Nxg5 33. Rxg5 Kh7 34. Re3
Qd8 35. Bg2 Ra7 36. Rg4 g5 37. Qh5 f5 38. Bh3 fxg4 39. Bxg4 Rg6 40. Qh1 Rxh6
41. Qf3 Qf6 42. Qe2 Kg8 43. Re5 Rah7 44. Bf3 g4 45. Bg2 Qg6 46. Qd2 Kh8 47.
cxb4 Qd3 48. Qe1 Rh2 49. Bxd5 Qf3 50. Rh5 Rh1+ 0-1

[Event "4NCL Division 3 Central"]
[Site "Leamington Spa, ENG"]
[Date "2022.05.01"]
[Round "8.42"]
[White "Pozimski, Szymon"]
[Black "Larkin, Benjamin"]
[Result "1-0"]
[WhiteElo "1984"]
[BlackElo "2014"]
[PlyCount "23"]
[EventDate "2022.05.01"]
[WhiteTeam "Oxford 2"]
[BlackTeam "Wood Green Monarchs"]

1. e4 c6 2. d4 d5 3. e5 c5 4. dxc5 e6 5. Nf3 Bxc5 6. Bd3 Ne7 7. Qe2 Ng6 8. O-O
Nc6 9. c3 O-O 10. b4 Bb6 11. b5 Nb8 12. Ng5 1-0

[Event "4NCL Division 3 Central"]
[Site "Leamington Spa, ENG"]
[Date "2022.05.01"]
[Round "8.43"]
[White "Mirza, Diana"]
[Black "Dickinson, Tim"]
[Result "1/2-1/2"]
[WhiteElo "1905"]
[BlackElo "2039"]
[PlyCount "79"]
[EventDate "2022.05.01"]
[WhiteTeam "Wood Green Monarchs"]
[BlackTeam "Oxford 2"]

1. d4 Nf6 2. Nf3 g6 3. c4 Bg7 4. Nc3 d5 5. cxd5 Nxd5 6. e4 Nxc3 7. bxc3 O-O 8.
Be2 c5 9. O-O Nc6 10. Bb2 Bg4 11. d5 Bxf3 12. Bxf3 Na5 13. Be2 f5 14. exf5 Rxf5
15. Bg4 Rf8 16. Qe2 Qc7 17. Be6+ Kh8 18. c4 Qf4 19. Bxg7+ Kxg7 20. Rac1 b6 21.
Qb2+ Qf6 22. Qd2 Nc6 23. Rc3 Nd4 24. Rh3 Qf4 25. Qb2 Rf6 26. Re3 Raf8 27. Ree1
h5 28. Bd7 Qd6 29. Be6 Kh7 30. Bh3 R8f7 31. Qb1 Qf4 32. Qe4 Qd2 33. f4 Rxf4 34.
Rxf4 Rxf4 35. Qxe7+ Kh6 36. Qe3 Qxe3+ 37. Rxe3 Rf6 38. g3 Nf3+ 39. Kg2 Nd2 40.
Rc3 1/2-1/2

[Event "4NCL Division 3 Central"]
[Site "Leamington Spa, ENG"]
[Date "2022.05.01"]
[Round "8.44"]
[White "Finn, Christopher"]
[Black "Harrison, James"]
[Result "1/2-1/2"]
[WhiteElo "1898"]
[BlackElo "1901"]
[PlyCount "97"]
[EventDate "2022.05.01"]
[WhiteTeam "Oxford 2"]
[BlackTeam "Wood Green Monarchs"]

1. d4 Nf6 2. Nf3 g6 3. Bg5 Bg7 4. e3 O-O 5. Bd3 d6 6. Nbd2 c5 7. c3 b6 8. Qe2
Bb7 9. O-O Nc6 10. Rad1 Re8 11. Bb5 a6 12. Ba4 b5 13. Bb3 cxd4 14. cxd4 Rc8 15.
Rc1 h6 16. Bh4 Nh5 17. Qd3 d5 18. g4 Nf6 19. h3 g5 20. Bg3 Ne4 21. Kh2 Qd7 22.
Be5 Nxe5 23. Nxe5 Qd6 24. f4 e6 25. Qe2 a5 26. Bc2 gxf4 27. exf4 Qb4 28. Nb3 a4
29. a3 Qd6 30. Nd2 Nxd2 31. Qxd2 Rc7 32. Bd3 Ba6 33. Rxc7 Qxc7 34. Rc1 Qb7 35.
Qc3 b4 36. Bxa6 Qxa6 37. axb4 Qe2+ 38. Kg3 Bxe5 39. fxe5 Qe4 40. Re1 Qg6 41.
Ra1 Ra8 42. Ra3 Qb1 43. Qd2 Rc8 44. Rc3 Rc4 45. b5 Qg1+ 46. Kh4 Qxd4 47. Qxh6
Qxe5 48. Rxc4 Qe1+ 49. Kh5 1/2-1/2

[Event "4NCL Division 3 Central"]
[Site "Leamington Spa, ENG"]
[Date "2022.05.01"]
[Round "8.45"]
[White "Wilson, Julie"]
[Black "Matta, Francesca"]
[Result "1/2-1/2"]
[WhiteElo "1826"]
[BlackElo "1921"]
[PlyCount "104"]
[EventDate "2022.05.01"]
[WhiteTeam "Wood Green Monarchs"]
[BlackTeam "Oxford 2"]

1. d4 Nf6 2. c4 g6 3. Nc3 Bg7 4. e4 d6 5. Nge2 O-O 6. Ng3 e5 7. d5 Nbd7 8. Be2
a5 9. Bg5 h6 10. Be3 Nc5 11. O-O Kh7 12. Re1 Ng8 13. Qc2 Bd7 14. Rad1 h5 15. h3
Bh6 16. Bf3 Bxe3 17. Rxe3 Nh6 18. a3 a4 19. Rde1 Qg5 20. Kh1 Kg7 21. Bd1 h4 22.
Nf1 f5 23. Nd2 f4 24. Nf3 Qf6 25. R3e2 Nb3 26. Nb5 c6 27. dxc6 bxc6 28. Nc3 Nd4
29. Nxd4 exd4 30. Nxa4 f3 31. Rd2 fxg2+ 32. Kg1 Qg5 33. Nb6 Rad8 34. Nxd7 Rxd7
35. Rxd4 Rdf7 36. Rd2 Kh7 37. Qc3 Rf6 38. Qe3 Nf7 39. Qxg5 Nxg5 40. Kxg2 Ne6
41. Bg4 Nf4+ 42. Kg1 Rb8 43. Red1 c5 44. f3 Rb6 45. Kf2 Rb3 46. Rxd6 Nxh3+ 47.
Bxh3 Rfxf3+ 48. Kg2 Rxh3 49. R1d2 Rbg3+ 50. Kf2 Rf3+ 51. Kg2 Rhg3+ 52. Kh2 Rh3+
1/2-1/2

[Event "4NCL Division 3 Central"]
[Site "Leamington Spa, ENG"]
[Date "2022.05.01"]
[Round "8.46"]
[White "Terry, Sean"]
[Black "Willow, Hambel M"]
[Result "1/2-1/2"]
[WhiteElo "1912"]
[BlackElo "1633"]
[PlyCount "31"]
[EventDate "2022.05.01"]
[WhiteTeam "Oxford 2"]
[BlackTeam "Wood Green Monarchs"]

1. d4 Nf6 2. Nf3 d5 3. Bf4 Bf5 4. g3 e6 5. Bg2 Bd6 6. Ne5 O-O 7. c4 c6 8. c5
Bc7 9. O-O Nbd7 10. Nxd7 Qxd7 11. Nc3 Rfe8 12. Be5 Ng4 13. e4 dxe4 14. Bxc7
Qxc7 15. Bxe4 Nf6 16. Bxf5 1/2-1/2

[Event "4NCL Division 3 Central"]
[Site "Leamington Spa, ENG"]
[Date "2022.05.01"]
[Round "8.51"]
[White "Hertog, Alexander"]
[Black "Hatchett, Paul"]
[Result "0-1"]
[WhiteElo "1523"]
[BlackElo "1995"]
[PlyCount "168"]
[EventDate "2022.05.01"]
[WhiteTeam "Oxford 4"]
[BlackTeam "Rhyfelwyr Essyllwg"]

1. Nf3 g6 2. e3 Bg7 3. c4 d6 4. d4 Nf6 5. b3 O-O 6. Bb2 a5 7. Be2 Nc6 8. d5 Nb4
9. a3 Na6 10. Nd4 Bd7 11. Nc3 c6 12. Bf3 e5 13. dxe6 fxe6 14. e4 e5 15. Nde2
Ne8 16. Ng3 Nc5 17. Rb1 Ne6 18. Bg4 Qf6 19. Bxe6+ Bxe6 20. f3 h5 21. h4 Rd8 22.
Bc1 Qf7 23. Bg5 Rd7 24. Na4 b5 25. cxb5 cxb5 26. Nb6 Rb7 27. Be3 Kh7 28. Qd3 b4
29. axb4 axb4 30. Qb5 Bxb3 31. Qxb4 Be6 32. Rd1 Bf6 33. Qa5 Ra7 34. Qb4 Ra2 35.
Rd2 Qe7 36. Nd5 Bxd5 37. exd5 Ra1+ 38. Rd1 Rxd1+ 39. Kxd1 Nc7 40. Qc4 Qf7 41.
Ke2 Nxd5 42. Qd3 Kg7 43. Ne4 Nxe3 44. Kxe3 Qa7+ 45. Ke2 Qa2+ 46. Nd2 d5 47. g3
Ra8 48. Rb1 Ra7 49. Rc1 e4 50. fxe4 dxe4 51. Qe3 Rd7 52. Rc6 Qd5 53. Rc5 Qd3+
54. Qxd3 exd3+ 55. Kd1 Rd4 56. Rc7+ Kf8 57. Rc6 Kf7 58. Nf1 Be5 59. Rc5 Kf6 60.
Rc6+ Rd6 61. Rc4 Ra6 62. Kd2 Ra1 63. Ne3 Bxg3 64. Kxd3 Rh1 65. Ng2 Rh2 66. Nf4
Kf5 67. Ke3 Bf2+ 68. Kf3 Rxh4 69. Rb4 Bg1 70. Rb5+ Kf6 71. Nd5+ Kg7 72. Ne7 Rg4
73. Rb7 Kf6 74. Ng8+ Kg5 75. Rb5+ Kh4 76. Nh6 Rg3+ 77. Ke2 Kh3 78. Nf7 Be3 79.
Ne5 g5 80. Nf3 Bf4 81. Rb1 Rg2+ 82. Kd3 Kg3 83. Nd4 h4 84. Ne2+ Kg4 0-1